000 00460nam a22001817a 4500
003 LK-CoDNM
005 20250107092433.0
008 241220b |||||||| |||| 00| 0 eng d
040 _aLK-CoDNM
_dLK-CoDNM
_eLK-CoDNM
041 _aeng
080 _a4
_bF9
100 _aSTEJNEGER,LEONHARD
245 _aNOTES ON SOME NORTH AMRICAN SNAKES
260 _c1891
_aWASHIGTON
_bGOVERNMENT PRINTEE
300 _a6P. : 24 cm
650 _ascience
942 _cBK
999 _c235121
_d235121